Great Literature #29 - Statistics

General Stats
  • This quiz has been taken 140 times
  • The average score is 10 of 20
Answer Stats
Hint Explanation Answer % Correct
Salman Rushdie 1988 Satanic Verses
91%
George R. R. Martin 1996 A Game of Thrones
90%
Stephen King 1977 The Shining
90%
Agatha Christie 1926 The Murder of Roger Ackroyd
84%
Anton Chekhov 1901 (Три сeстры́) Three Sisters
75%
Kurt Vonnegut 1963 Cat’s Cradle
56%
James Baldwin 1953 Go Tell It on the Mountain
53%
Émile Zola 1885 Germinal
51%
Vikram Seth 1993 A Suitable Boy
47%
Herman Melville 1853 Bartleby the Scrivener
47%
V. S. Naipaul 1979 A Bend in the River
40%
Evelyn Waugh 1934 A Handful of Dust
40%
Aeschylus 467 BCE Seven Against Thebes
35%
Flann O’Brien 1939 At Swim-Two-Birds
30%
Peter Carey 2000 True History of the Kelly Gang
30%
Hermann Broch 1945 (Der Tod des Vergil) The Death of Virgil
23%
Kate Atkinson 2013 Life After Life
22%
Dorothy Allison 1992 Bastard Out of Carolina
19%
Chris Ware 1995-2000 Jimmy Corrigan, the Smartest Kid on Earth
19%
Viet Thanh Nguyen 2015 The Sympathizer
19%
No matching quizzes found
Score Distribution
Percent of People with Each Score
Percentile by Number Answered
Your Score History
You have not taken this quiz